Rosa dei Venti - Statistics

Statistiche generali
  • Questo quiz è stato fatto 870 volte
  • Il punteggio medio è 5 su 8
Statistiche sulle risposte
Direzione Vento % Corretto
SE Scirocco
81%
NO Maestrale
74%
N Tramontana
74%
SO Libeccio
66%
E Levante
59%
O Ponente
58%
NE Grecale
52%
S Ostro|Mezzogiorno
41%
Nessun quiz corrispondente trovato
Distribuzione punteggi
Percentuale di utenti per punteggio
Percentile per numero di risposta
I tuoi punteggi nel tempo
Non hai fatto questo quiz